1131 1477 1451 1665 1647 1830 1202 1667 1213 1881 1016 1956 1416 1242 1952 1894 1990 1046 1705 1420 1120 1780 1668 1796 1172 1018 1322 1590 1993 1488 1087 1028 1753 1518 1786 1810 1186 1227 1036 1736 1699 1397 1728 1759 1819 1665 1628 1984 1768 1838 1438 1459 1236 1479 1709 1481 1969 1428 1865 1417 1433 1590 1776 1440 1074 1096 1925 1137 1241 1433 1832 1357 1793 1497 1973 1341 1997 1465 1503 1315 1182 1089 1967 1267 1844 1157 1614 1476 1301 1063 1888 1678 1334 1656 1047 1415 1383 1337 1733 BCNSPRNW ULIB Ver.6.0+V

เปลี่ยนเป็นภาษาไทย

Change to English
 แสดงรายละเอียดบรรณานุกรม
  กลับหน้าหลัก

Brief Record : Get Marc (ISO 2709) : E-mail record : QR code < ปิดหน้าต่าง
LEADER : 00000nam 2200000uu 4500
001    13399122209
003     ULIB
008    130111s2555||||th 000 0 tha d
020    ^a9786167619354
060 04 ^aWT155^bณ329ท
100 0  ^aณัฎฐา อินทรวิรัตน์
245 10 ^aทำอย่างไรไม่ให้เป็นโรคอัลไซเมอร์ (รู้ก่อน ป้องกันก่อน) /^cณัฎฐา อินทรวิรัตน์
250    ^aพิมพ์ครั้งที่ 1
260    ^aกรุงเทพฯ :^bGood Choice publishing,^c2555
300    ^a0176 หน้า :^bภาพประกอบ ;^c21 ซม.
650  7 ^aโรคอัลไซเมอร์
650  7 ^aภาวะสมองเสื่อม
945    ^p155^l0^i19667
945    ^p155^l0^i19668
995    ^aกัณชพร
999    ^aใช้งานได้ทุกระบบ
รายการนี้ยังไม่มีแท็ก
คุณยังไม่ได้ล็อกอิน คุณสามารถมีกิจกรรมร่วมกับเว็บไซต์ได้ แต่ต้องล็อกอินก่อน ::
  ล็อกอิน

รายการสื่อสารสนเทศ

ลำดับที่ ประเภท เลขเรียก/บาร์โค้ด สถานที่ สถานะ
1. วิทยาศาสตร์การแพทย์ และสุขภาพ
วิทยาศาสตร์การแพทย์ และสุขภาพ
สถานะ=หนังสือเก่า
WT155 ณ329ท  
  Barcode: 19667
ห้องสมุดวิทยาเขตนครสวรรค์
►ส่วนจัดเก็บหนังสือเก่า นว.
บนชั้น
  ขอยืม
2. วิทยาศาสตร์การแพทย์ และสุขภาพ
วิทยาศาสตร์การแพทย์ และสุขภาพ
สถานะ=หนังสือเก่า
WT155 ณ329ท ฉ.2 
  Barcode: 19668
ห้องสมุดวิทยาเขตนครสวรรค์
►ส่วนจัดเก็บหนังสือเก่า นว.
บนชั้น
  ขอยืม

รายการใกล้เคียง
    ผู้แต่ง [ณัฎฐา อินทรวิรัตน์]

    หัวเรื่อง [โรคอัลไซเมอร์]
    หัวเรื่อง [ภาวะสมองเสื่อม]

BibComment


ยังไม่เคยถูกคอมเมนท์

คอมเมนท์ทรัพยากรรายการนี้
  คอมเมนท์: ทำอย่างไรไม่ให้เ..


 Copyright 2026. Bcnsprnw @Library